000 00542 a2200169 4500
003 OSt
005 20250702153036.0
008 250702b |||||||| |||| 00| 0 eng d
020 _a9788193889756
040 _coclc
082 _a305.56880954
_bPRA/R
100 _aPramanik, Bhabesh
_cDr.
_910601
245 _aReactions to Frustration of Scheduled Tribes /
_cDr. Bhabesh Pramanik
260 _aNew Delhi:
_bAvon Publishing,
_c2019.
300 _a257 pages
942 _2ddc
_cBK
_h305.56880954
_iPRA/R
_k305.56880954
_mPRA/R
999 _c44587
_d44587